| 000 | 00676nam a2200217 a 4500 | ||
|---|---|---|---|
| 005 | 20210223125144.0 | ||
| 008 | 031006s1976 mx r 000 0 spa d | ||
| 020 | _a8425206146 | ||
| 035 | _aUPN01000129606 | ||
| 049 | _aCG | ||
| 050 | 4 |
_aTR685 _bH4.38 |
|
| 100 | 1 |
_aHeartfield, John, _d1891-1968 |
|
| 245 | 1 | 0 |
_aGuerra en la paz : _bfotomontajes sobre el período 1930-1938 / _cJohn Heartfield ; tr. de Michael Faber-Kaíser. |
| 260 |
_aBarcelona, Esp. : _bG. Gili, _c1976. |
||
| 300 |
_a153 p. : _bprincipalmente il. |
||
| 440 | 0 | _aPunto y línea | |
| 650 | 4 |
_aFOTOGRAFIA - _xTRUCOS |
|
| 650 | 4 |
_aFOTOGRAFIA ARTISTICA _99453 |
|
| 740 | 0 | _aFotomontajes | |
| 905 | _aLibro | ||
| 999 |
_c101778 _d101778 |
||